| 000 | 01490cam a2200349 a 4500 | ||
|---|---|---|---|
| 001 | 728121 | ||
| 003 | NUST-PNEC | ||
| 005 | 20170116180700.0 | ||
| 008 | 980923s1999 enka b 001 0 eng | ||
| 010 | _a 98044488 | ||
| 020 | _a0471978183 (alk. paper) | ||
| 040 |
_aDLC _cPNEC _dDLC |
||
| 050 | 0 | 0 |
_aQP301 _b.B478 1999 |
| 082 | 0 | 0 | _a612.76 NIG |
| 245 | 0 | 0 |
_aBiomechanics of the musculo-skeletal system / _cBenno M. Nigg, Walter Herzog, editors. |
| 246 | 3 | 0 | _aBiomechanics |
| 250 | _a2nd ed. | ||
| 260 |
_aChichester ; _aNew York : _bWiley, _cc1999. |
||
| 300 |
_axii, 643 p. : _bill. ; _c26 cm. |
||
| 500 | _ahttp://www.amazon.com/Biomechanics-Musculo-Skeletal-System-Benno-Nigg/dp/0471978183/ref=sr_1_1?s=books&ie=UTF8&qid=1410153406&sr=1-1&keywords=0471978183 | ||
| 504 | _aIncludes bibliographical references and index. | ||
| 650 | 0 |
_aBiomechanics. _xGENERAL |
|
| 650 | 0 | _aMusculoskeletal system. | |
| 700 | 1 | _aNigg, Benno Maurus. | |
| 700 | 1 |
_aHerzog, W. _q(Walter), _d1955- |
|
| 856 | 4 | 2 |
_3Publisher description _uhttp://www.loc.gov/catdir/description/wiley033/98044488.html |
| 856 | 4 |
_3Table of Contents _uhttp://www.loc.gov/catdir/toc/onix04/98044488.html |
|
| 856 | 4 | 2 |
_3Contributor biographical information _uhttp://www.loc.gov/catdir/enhancements/fy0709/98044488-b.html |
| 906 |
_a7 _bcbu _corignew _d1 _eocip _f19 _gy-gencatlg |
||
| 942 |
_2ddc _cBK |
||
| 999 |
_c60516 _d60516 |
||